000 01194cab a2200229 4500
001 ##L133104
008 060411n2006 000 0 eng u
035 _a(Sirsi) u133104
041 0 _aeng
100 1 _aPatterson, Lindy
245 0 4 _aThe devil is in the detail
260 _c2006
490 0 _aConstruction News
_v(6950) 30 March 2006, 29(1)
520 _aEmphasises the importance of ensuring that the contents of notices comply with contractual requirements and that service is effected in the correct manner and to the correct person, in the context of the decisions in "Shawton Engineering Ltd v DGP International Ltd" ([2005] EWCA Civ 1359, L131718), "Scrabster Harbour Trust v Mowlem plc" ([2005] Scot CS CSOH 44, unreported), and "Bernuth Lines Ltd v High Seas Shipping Ltd" ([2005] EWHC 3020 (Comm), L132502).
590 _aIKA110406
650 2 4 _aSHAWTON ENGINEERING LTD V DGP INTERNATIONAL LTD AND ANOTHER
650 2 4 _aSCRABSTER HARBOUR TRUST V MOWLEM PLC
650 2 4 _aBERNUTH LINES LIMITED V HIGH SEAS SHIPPING LIMITED
650 2 4 _aGOODWIN AND SONS V FAWCETT
690 _aBUILT ENVIRONMENT-CONSTRUCTION MANAGEMENT-BUILDING CONTRACT ADMINISTRATION
942 _n0
999 _c76803
_d76803